000
00227 a2200097 4500
001
26815
100
_a
Bukhsh, S.K
245
_a
Men money markets the elements of eco
260
_a
_b
English uni press
_c
090
_c
18050
_d
18050
942
_a
NUST-CAE
_c
M
_c
8948
999
_c
261888
_d
261888